Регионална библиотека "Любен Каравелов" - Русе

Скрити истини за Втората световна война (Запис номер 381005)

MARC детайли
000 -Лидер
Контролно поле с фиксирана дължина 01189nam a22002777a 4500
003 - Код на организацията, давaща контролен номер
Контролно поле BLK
005 - Дата и час на последна редакция
Контролно поле 20250711125318.0
008 - Елементи от данни с фиксирана дължина
fixed length control field 200810b bu |||||r|||| 00| 0 bu d
020 ## - Международен стандартен номер на книга ISBN
Международен стандартен номер на книга ISBN 9786192430320
040 ## - Източник на каталожния запис
Идентификатор на билиотеката - собственик на записа BLK
041 ## - Код за език
Код за езика на текст/звукозапис или на отделно заглавие Български
Код за езика КДБФ Български
080 ## - УДК
Текстов определител УДК История на Втората световна война (1939-1945)
УДК код - определител по УДК 94(100)"1939/1945"
УДК - код + определител 94(100)"1939/1945"
100 ## - Редна дума - Автор
Автор Солонин, Марк Семенович
Авторска отговорност първи автор
R(LIN) 1299
139 ## - Редно поле
Редна дума Солонин, Марк Семенович
Авторски знак Сол - С 51
245 ## - Сведения за заглавието
Заглавие Скрити истини за Втората световна война
Редно поле (дума) Марк Солонин; прев. от рус. Георги Рачев.
260 ## - Област на издателските данни
9 (RLIN) 209461
Място на издаване, разпространение и проч. София
Име на издателя, разпространителя и проч. Прозорец
Година на издаване 2019
Издателство - префикс ISBN 978-954-733- ; 954-8079-
300 ## - Физическа характеристика
Страници 240 с.
Размери/Мащаб 20 см
380 ## - Жанр
Жанр История
650 #7 - Допълнително описание по предмет – тема
9 (RLIN) 151291
Основно описание – тема или топоним Втора световна война - история
653 #7 - Ключова дума – ненормативна
9 (RLIN) 183661
Ключова дума Втора световна война
700 ## - Други автори (авторска отговорност)
9 (RLIN) 296499
Лично име Рачев, Георги Иванов
Автороска отговорност (Описва отношението между автора и произведението) прев. от рус.
999 ## - СИСТЕМНИ КОНТРОЛНИ НОМЕРА
Koha biblionumber 381005
Koha biblioitemnumber 381005
942 ## - АРТИКУЛИ
Вид на библиотечния материал Книги
Скрит в OPAC Не
Периодичен библиозапис Да
Koha issues (borrowed), all copies 12
944 ## - СЪЗДАВАНЕ И РЕДАКЦИЯ на ЗАПИСА
Създаване/Редакция Създаване
Дата на регистрацията/редакция 2020-08-10
Служител, извършил регистрацията/редакцията 30576
Статус, дата на статуса Цветомила Тодорова
999 ## - СИСТЕМНИ КОНТРОЛНИ НОМЕРА
Koha biblioitemnumber 381005
999 ## - СИСТЕМНИ КОНТРОЛНИ НОМЕРА
Koha biblioitemnumber 381005
Наличности
Код за отписване Код за изгубен артикул Източник на класификационната схема Код за повреда Коз за рестрикции Код за отдаване Артикулен № Име на библиотеката - собственик Име на библиотеката, в която се намира в момента Статус (Текущо местоположение) Дата на вписване в системата Местоположение - отдел Цена в лева Систематично азбучна сигнатура Баркод Цена в евро Служебен тип на артикула
  Не е изгубен Universal Decimal Classification Не е повреден без рестрикции заемане за дома 800116 Регионална библиотека "Любен Каравелов" Русе Регионална библиотека "Любен Каравелов" Русе Заемна - подръчен фонд 2020-09-18 Заемна - подръчен фонд 10.50 94(100)"1939/1945"/С 51 М 120000847405 5.37 Книги
  Не е изгубен Universal Decimal Classification Не е повреден само за читалня ползва се в читалня 830616 Регионална библиотека "Любен Каравелов" Русе Регионална библиотека "Любен Каравелов" Русе Хранилище 2021-05-18 Хранилище 15.00 Цб 305188 120000854367 7.67 Книги
Vip Innovations Ltd, Rousse, Bulgaria 2025